[Event "Druzynowe Mistrzostwa Polski Juniorow - Ekstraliga"]
[Site "Suchedniow"]
[Date "1899-12-30"]
[Round "4.6"]
[White "Kaniowska, Anna"]
[Black "Dylag, Emilia"]
[Result "0-1"]
[WhiteTitle "II+"]
[BlackTitle "I"]
[WhiteElo "1390"]
[BlackElo "1712"]

1. d4 Nf6 2. c4 d6 3. Nc3 Nbd7 4. Nf3 e5 5. d5 a5 6. e4 Nc5 7. Qc2 g6 8. Be2 Bg7
9. O-O O-O 10. h3 Nh5 11. Re1 f5 12. Bg5 Qe8 13. exf5 Bxf5 14. Qd2 Nf6 15. Be3
b6 16. Nh4 Bd7 17. Nf3 Nh5 18. Nh2 Nf4 19. Bxf4 Rxf4 20. Bg4 Rxc4 21. g3 Rd4 22.
Qxd4 exd4 23. Rxe8+ Bxe8 24. Ne2 Bf7 25. Bf3 Re8 26. Rd1 d3 27. Nc3 h5 28. Nf1
Bh6 29. Nd2 Re5 30. Nde4 Nxe4 31. Nxe4 d2 32. Kf1 Kf8 33. Nc3 Ke7 34. Be4 b5 35.
f3 Kd7 36. Nxb5 Bxd5 37. Bxd5 Rxd5 38. Nc3 Rd3 39. Ke2 Re3+ 40. Kf2 Kc6 41. Ne4
Rd3 42. Ke2 Rd5 43. Nxd2 Bxd2 44. Rxd2 Re5+ 45. Kf2 d5 46. g4 hxg4 47. hxg4 g5
48. Kg3 Kc5 49. Rc2+ Kd6 50. Kf2 c5 51. b3 d4 52. a3 Kd5 53. Rc1 d3 54. Rc3 Re2+
55. Kf1 Re3 56. Kf2 Re2+ 57. Kf1 Kd4 58. Rc4+ Ke3 59. Rc1 Kxf3 60. Rd1 d2 61.
Rb1 Rf2+ 62. Kg1 Re2 63. Kf1 Re1+ 64. Rxe1 dxe1=Q+ 0-1

[Event "Druzynowe Mistrzostwa Polski Juniorow - Ekstraliga"]
[Site "Suchedniow"]
[Date "1899-12-30"]
[Round "4.7"]
[White "Kiolbasa, Oliwia"]
[Black "Chomczyk, Marek"]
[Result "0-1"]
[WhiteTitle "WIM"]
[BlackTitle "k"]
[WhiteElo "2318"]
[BlackElo "2167"]

1. e4 e5 2. Nf3 Nc6 3. Bc4 Bc5 4. O-O Nf6 5. d3 d6 6. c3 a6 7. a4 Ba7 8. Na3 h6
9. Nc2 O-O 10. Be3 Ne7 11. Bxa7 Rxa7 12. Re1 Ng6 13. d4 Ra8 14. h3 Re8 15. dxe5
dxe5 16. Qxd8 Rxd8 17. Nb4 Be6 18. Bxe6 fxe6 19. a5 c5 20. Nc2 Nf4 21. Na3 Nd3
22. Re2 Nf4 23. Re3 Rd3 24. Nxe5 Rxe3 25. fxe3 N4h5 26. Rd1 Ng3 27. Nac4 Ngxe4
28. Nb6 Re8 29. Ned7 Kf7 30. Nxf6 Nxf6 31. Kf1 Ke7 32. e4 Rd8 33. Rxd8 Kxd8 34.
e5 Nd7 35. Nxd7 Kxd7 36. c4 b6 37. axb6 Kc6 38. b7 Kxb7 39. Ke2 Kb6 40. Kd3 Ka5
41. Kc3 Ka4 42. g3 g6 43. h4 h5 44. b3+ Ka3 45. Kc2 Kb4 46. Kb2 a5 47. Kc2 a4
48. bxa4 Kxa4 49. Kd3 Kb4 50. Ke4 Kxc4 51. Kf4 Kd4 52. Kg5 c4 53. Kf6 c3 54. Kxe6
c2 55. Kf6 c1=Q 56. e6 Qc6 57. Kf7 Ke5 0-1

[Event "Druzynowe Mistrzostwa Polski Juniorow - Ekstraliga"]
[Site "Suchedniow"]
[Date "1899-12-30"]
[Round "4.8"]
[White "Kowalski, Igor"]
[Black "Szostko, Jakub"]
[Result "1/2-1/2"]
[WhiteTitle "k"]
[BlackTitle "k"]
[WhiteElo "2131"]
[BlackElo "2246"]

1. d4 Nf6 2. c4 g6 3. Nc3 Bg7 4. e4 d6 5. Bd3 O-O 6. Nge2 Nc6 7. O-O Nd7 8. Be3
e5 9. d5 Nd4 10. Nb5 Nxb5 11. cxb5 f5 12. f3 f4 13. Bf2 g5 14. Qc2 Nf6 15. Rfc1
Ne8 16. Kf1 h5 17. Nc3 g4 18. Ke2 h4 19. h3 gxh3 20. gxh3 Bf6 21. Rh1 Bd7 22.
a4 Ng7 23. a5 Nh5 24. Kd2 Ng3 25. Rh2 Qc8 26. Rc1 Bxh3 27. b6 axb6 28. axb6 Bd7
29. Qb3 cxb6 30. Qxb6 Qb8 31. Nb5 Bxb5 32. Qxb5 Rc8 33. Rg1 Ra2 34. Qb3 Qa8 35.
Bb5 Ra1 36. Rhg2 Qa2 37. Qxa2 Rxa2 38. Rb1 Bd8 39. Kd3 Rca8 40. Bd7 Kf7 41. Rgg1
Ke7 42. Bg4 R8a6 43. Rgc1 Ra8 44. Rc3 1/2-1/2

[Event "Druzynowe Mistrzostwa Polski Juniorow - Ekstraliga"]
[Site "Suchedniow"]
[Date "1899-12-30"]
[Round "4.9"]
[White "Kosakowski, Jakub"]
[Black "Pacan-milej, Kosma"]
[Result "0-1"]
[WhiteTitle "k"]
[BlackTitle "I"]
[WhiteElo "2122"]
[BlackElo "2033"]

1. e4 c5 2. Nf3 d6 3. d4 cxd4 4. Nxd4 Nf6 5. Nc3 a6 6. h3 e6 7. g4 d5 8. exd5 Nxd5
9. Nde2 Bb4 10. Bg2 O-O 11. O-O Nxc3 12. Nxc3 Qc7 13. Qf3 Bd6 14. Be3 Nd7 15.
Rad1 Ne5 16. Qe4 Nc4 17. Bc1 Rb8 18. b3 Na5 19. Bb2 Be5 20. Nb5 Bh2+ 21. Kh1 axb5
22. f4 Bxf4 23. Rxf4 Nc6 24. g5 Rd8 25. Rdf1 e5 26. Rh4 g6 27. Rh6 Nd4 28. Re1
Be6 29. Qxe5 Qxe5 30. Rxe5 Nf5 31. Rxb5 Rd1+ 32. Kh2 Rd2 33. Rc5 Rc8 34. Rxc8+
Bxc8 35. a4 Rxc2 36. Bf6 Nxh6 37. gxh6 Be6 38. Kg3 Bxb3 39. a5 Ra2 40. Bd8 Ra3
41. Kf4 Be6 42. Bxb7 Bxh3 43. Bb6 Bf1 44. Kg5 Bc4 45. Kf6 Rh3 46. a6 Bxa6 47.
Bd5 Rc3 48. Bxf7+ Kf8 49. Bd5 Rc1 50. Ba5 Rf1+ 51. Ke6 Bc8+ 52. Kd6 Rf6+ 53. Ke5
Rf5+ 54. Kd6 Bb7 55. Bxb7 Rxa5 56. Bf3 Rf5 57. Be2 Rf6+ 58. Kd7 g5 0-1

[Event "Druzynowe Mistrzostwa Polski Juniorow - Ekstraliga"]
[Site "Suchedniow"]
[Date "1899-12-30"]
[Round "4.10"]
[White "Ossolinski, Ziemowit"]
[Black "Pytel, Maciej"]
[Result "1-0"]
[WhiteTitle "I"]
[BlackTitle "I"]
[WhiteElo "1845"]
[BlackElo "2000"]

1. d4 Nf6 2. c4 e6 3. Nf3 Bb4+ 4. Bd2 Qe7 5. g3 Bxd2+ 6. Nbxd2 d6 7. Bg2 O-O 8.
O-O e5 9. e4 a5 10. Qc2 Nc6 11. Qc3 Bg4 12. d5 Nb8 13. h3 Bd7 14. Rfe1 h6 15.
b3 b6 16. a3 Nh7 17. b4 Ng5 18. Nxg5 Qxg5 19. Nf3 Qg6 20. c5 axb4 21. axb4 Rxa1
22. Qxa1 f5 23. c6 Bc8 24. b5 f4 25. g4 h5 26. g5 Bg4 27. h4 Qe8 28. Qc3 Qf7 29.
Kh2 Kh8 30. Rg1 g6 31. Bh3 Bxh3 32. Kxh3 Qe8 33. Kg2 Qc8 34. Kf1 Kg8 35. Ke2 Na6
36. bxa6 Qxa6+ 37. Qd3 Qa2+ 38. Kf1 Ra8 39. Qe2 Qb3 40. Kg2 Ra3 41. Rf1 Qc3 42.
Rb1 Kh7 43. Rb2 Qa5 44. Qd2 Qa8 45. Qb4 Ra4 46. Qe1 Qc8 47. Rb3 Qg4+ 48. Kh2 Ra2
49. Qg1 Qc8 50. Qg2 Kh8 51. Ng1 Qb8 52. Qf3 Qa8 53. Kg2 Qa4 54. Qd3 Kh7 55. Nf3
Kh8 56. Ne1 Qa8 57. Nc2 Qc8 58. Qh3 Qxh3+ 59. Rxh3 Rxc2 60. Ra3 Rc4 61. Ra8+ Kg7
62. Rc8 Rxe4 63. Rxc7+ Kf8 64. Rd7 Rc4 65. c7 1-0

[Event "Druzynowe Mistrzostwa Polski Juniorow - Ekstraliga"]
[Site "Suchedniow"]
[Date "1899-12-30"]
[Round "4.11"]
[White "Burakowska, Gabriela"]
[Black "Kaczmarska, Joanna"]
[Result "1/2-1/2"]
[WhiteTitle "I++"]
[BlackTitle "k"]
[WhiteElo "1841"]
[BlackElo "1923"]

1. d4 d5 2. c4 e6 3. Nf3 Nf6 4. Nc3 Be7 5. cxd5 exd5 6. Bg5 h6 7. Bh4 c6 8. e3
Bf5 9. Bd3 Bxd3 10. Qxd3 Nbd7 11. O-O O-O 12. Rab1 a5 13. h3 Re8 14. Bxf6 Bxf6
15. b4 b5 16. bxa5 Rxa5 17. Rfc1 Qa8 18. Qf5 Re6 19. Qc2 Nb6 20. Nd2 Be7 21. Nb3
Ra7 22. Ra1 Ba3 23. Rd1 Nc4 24. e4 Bb2 25. exd5 cxd5 26. Nxb5 Rb7 27. a4 Bxa1
28. Rxa1 Rbe7 29. Qc3 Rc6 30. Nc5 Na5 31. Qf3 Rf6 32. Qd3 g6 33. Nc3 Kg7 34. Rb1
Rd6 35. Qg3 Nc4 36. Nd3 Rb7 37. Nb5 Rd8 38. Nc5 Re7 39. Nc7 Qc8 40. Nb5 Qf5 41.
Ra1 Rde8 42. Nd3 h5 43. h4 Ra8 44. Nc5 Rae8 45. Nd3 Ra8 46. Nc5 Rae8 47. Nd3 Ra8
48. Nc5 Rae8 49. Nd3 Ra8 1/2-1/2

[Event "Druzynowe Mistrzostwa Polski Juniorow - Ekstraliga"]
[Site "Suchedniow"]
[Date "1899-12-30"]
[Round "4.12"]
[White "Malicka, Maria"]
[Black "Kalinowska, Zuzanna"]
[Result "1/2-1/2"]
[WhiteTitle "k+"]
[BlackTitle "k"]
[WhiteElo "1938"]
[BlackElo "1910"]

1. e4 e6 2. d4 d5 3. Nd2 Nf6 4. e5 Nfd7 5. Bd3 b6 6. Ne2 Ba6 7. Bxa6 Nxa6 8. Nf3
c5 9. c3 Be7 10. O-O Nc7 11. Be3 O-O 12. Qd2 a5 13. Bg5 f6 14. exf6 Bxf6 15. Bxf6
Qxf6 16. Qe3 Rae8 17. Ne5 Nxe5 18. dxe5 Qg6 19. f4 Rd8 20. Rad1 Rd7 21. Rf3 Qc2
22. Qd2 Qxd2 23. Rxd2 g6 24. Kf2 Ne8 25. g4 Ng7 26. Ng3 Rdf7 27. Ke3 b5 28. b3
h5 29. h3 h4 30. Nf1 Rc7 31. Rc2 Rfc8 32. c4 d4+ 33. Ke4 b4 34. Rcf2 a4 35. a3
Rb7 36. axb4 Rxb4 37. Rb2 Rcb8 38. Nd2 Kf7 39. Rd3 R8b6 40. Nf3 a3 41. Ra2 Rxb3
42. Rxa3 R3b4 43. Nxh4 Rb7 44. f5 gxf5+ 45. gxf5 Rxc4 46. fxe6+ Kxe6 47. Ra6+
Kd7 48. Rd6+ Ke8 49. Ng6 Rc3 50. Rd1 Re3+ 51. Kd5 Nf5 52. Re6+ Ne7+ 53. Kxc5 Kf7
54. Rf6+ Kg7 55. Kxd4 Rxe5 56. Nxe5 Kxf6 57. Rf1+ Nf5+ 58. Rxf5+ Kxf5 59. Nd3
Rd7+ 60. Ke4+ Ke5+ 1/2-1/2

[Event "Druzynowe Mistrzostwa Polski Juniorow - Ekstraliga"]
[Site "Suchedniow"]
[Date "1899-12-30"]
[Round "4.13"]
[White "Korpalski, Maciej"]
[Black "Nowak, Kamil"]
[Result "0-1"]
[WhiteTitle "I"]
[BlackTitle "k+"]
[WhiteElo "1968"]
[BlackElo "2313"]

1. e4 c5 2. Nf3 d6 3. d4 cxd4 4. Nxd4 Nf6 5. Nc3 a6 6. Be3 e5 7. Nf3 Qc7 8. a4
Be7 9. a5 Nc6 10. Bb6 Qd7 11. Nd5 O-O 12. Nd2 Nxd5 13. exd5 Nb8 14. Be2 Qf5 15.
O-O Nd7 16. Bd3 Qf6 17. Be3 g6 18. b4 Qh4 19. c4 f5 20. f3 Bg5 21. Bf2 Qh6 22.
Nb3 e4 23. fxe4 fxe4 24. Bxe4 Rxf2 25. Rxf2 Be3 26. Raa2 Ne5 27. Bf3 Qf4 28. Kf1
Qxh2 29. g4 Bxf2 30. Rxf2 Qg3 31. Nd4 Bxg4 32. Ke2 Nxf3 33. Nxf3 Re8+ 34. Kf1
Bh3+ 35. Rg2 Qxg2# 0-1

[Event "Druzynowe Mistrzostwa Polski Juniorow - Ekstraliga"]
[Site "Suchedniow"]
[Date "1899-12-30"]
[Round "4.14"]
[White "Gumularz, Szymon"]
[Black "Holownia, Michal"]
[Result "1-0"]
[WhiteTitle "I++"]
[BlackTitle "I"]
[WhiteElo "2267"]
[BlackElo "1926"]

1. Nf3 Nf6 2. c4 g6 3. g3 Bg7 4. Bg2 O-O 5. O-O d6 6. Nc3 Nc6 7. Rb1 e5 8. b4 Re8
9. b5 Nd4 10. d3 Bg4 11. Nd2 Qc8 12. Re1 h5 13. Nde4 h4 14. Nxf6+ Bxf6 15. Ne4
Be7 16. f3 Bd7 17. e3 Ne6 18. Bb2 f5 19. Nf2 hxg3 20. hxg3 Ng7 21. d4 Bf6 22.
dxe5 Bxe5 23. f4 Bxb2 24. Rxb2 Nh5 25. Bf3 Nf6 26. Qd4 Kf7 27. e4 Be6 28. Nh3
Nh7 29. exf5 gxf5 30. Bh5+ Kg8 31. Bxe8 Qxe8 32. Rbe2 Qg6 33. Ng5 Nxg5 34. fxg5
Bf7 35. Rh2 Qg7 36. Qxg7+ Kxg7 37. Re7 Rc8 38. Rf2 Kg6 39. g4 Bxc4 40. gxf5+ Kxg5
41. f6 Rg8 42. Rxc7 Bd5 43. f7 Rf8 44. Rd7 Rh8 45. Kf1 Rf8 46. Ke1 1-0

[Event "Druzynowe Mistrzostwa Polski Juniorow - Ekstraliga"]
[Site "Suchedniow"]
[Date "1899-12-30"]
[Round "4.15"]
[White "Kawaler, Adam"]
[Black "Czopor, Maciej"]
[Result "0-1"]
[WhiteTitle "I"]
[BlackTitle "I++"]
[WhiteElo "1761"]
[BlackElo "2016"]

1. d4 Nf6 2. Nf3 e6 3. e3 d5 4. c4 Be7 5. Nbd2 O-O 6. Bd3 Nbd7 7. O-O dxc4 8. Nxc4
c5 9. Nce5 cxd4 10. exd4 Nb6 11. Bc2 Nbd5 12. a3 Bd7 13. Qd3 a6 14. Ng5 g6 15.
Qh3 h5 16. Ngxf7 Rxf7 17. Bxg6 Rg7 18. Bh6 Rxg6 19. Nxg6 Kh7 20. Ne5 Qg8 21. Bd2
Be8 22. Rfe1 b5 23. Rac1 Bd6 24. Nf3 Bd7 25. Ng5+ Kh8 26. Ne4 Be7 27. Nxf6 Nxf6
28. Rc7 Bd6 29. Rxd7 Nxd7 30. Rxe6 Bf8 31. Qxh5+ Qh7 32. Qf3 Rc8 33. Bc3 Bg7 34.
Qb7 Rxc3 35. Re8+ Nf8 36. g3 Rc1+ 37. Kg2 Qf5 38. Re2 Bxd4 39. b4 Bg7 40. Qxa6
Qd5+ 41. f3 Qd1 0-1

[Event "Druzynowe Mistrzostwa Polski Juniorow - Ekstraliga"]
[Site "Suchedniow"]
[Date "1899-12-30"]
[Round "4.16"]
[White "Dytman, Radoslaw"]
[Black "Kosior, Jan"]
[Result "0-1"]
[WhiteTitle "II+"]
[BlackTitle "II"]
[WhiteElo "1479"]
[BlackElo "1524"]

1. e4 e5 2. Nf3 Nf6 3. Nxe5 d6 4. Nf3 Nxe4 5. d3 Nf6 6. Be2 Be7 7. O-O O-O 8. Nbd2
Nc6 9. Re1 d5 10. d4 Bf5 11. a3 Qd7 12. Nf1 Ne4 13. Ne3 Bg6 14. c3 Rad8 15. Qa4
a6 16. Nf1 Bf6 17. Be3 Nxd4 18. Qxd7 Nxe2+ 19. Rxe2 Rxd7 20. g4 h6 21. h4 Re8
22. Rae1 Rde7 23. g5 hxg5 24. hxg5 Nxg5 25. Nxg5 Bxg5 26. Rd2 c6 27. Red1 Bxe3
28. Nxe3 f5 29. Ng2 Bh5 30. Rf1 Bf3 31. Nh4 Bg4 32. f3 Bh3 33. Rff2 f4 34. Ng6
Rf7 35. Rh2 Rf6 36. Nxf4 Bg4 37. Nxd5 Rxf3 38. Nb6 Bh3 39. Rhe2 Ref8 40. a4 R8f6
41. a5 Rg6+ 42. Kh2 Bf1 43. Re8+ Kh7 44. Kh1 Rh3+ 45. Rh2 Bg2+ 46. Kg1 Bd5+ 47.
Kf1 Rxh2 48. Rb8 Rgg2 0-1

[Event "Druzynowe Mistrzostwa Polski Juniorow - Ekstraliga"]
[Site "Suchedniow"]
[Date "1899-12-30"]
[Round "4.17"]
[White "Frej, Zofia"]
[Black "Dadello, Aleksandra"]
[Result "0-1"]
[WhiteTitle "I++"]
[BlackTitle "I++"]
[WhiteElo "1929"]
[BlackElo "1958"]

1. d4 d5 2. c4 dxc4 3. Nf3 Nf6 4. g3 e6 5. Bg2 a6 6. O-O Nbd7 7. Qc2 c5 8. Rd1
Qc7 9. Bf4 Bd6 10. Bxd6 Qxd6 11. a4 Rb8 12. e4 Qc7 13. d5 exd5 14. exd5 O-O 15.
d6 Qa5 16. Na3 b5 17. axb5 axb5 18. Nxc4 Qd8 19. Nce5 Qb6 20. Nxd7 Bxd7 21. Ne5
Rfd8 22. Qd3 c4 23. Qd2 Qc5 24. Nxd7 Nxd7 25. Qd4 Rb6 26. Ra8 Rxa8 27. Bxa8 Qxd4
28. Rxd4 Kf8 29. Bg2 Ke8 30. Bh3 Nc5 31. Kf1 Ne6 32. Rd5 Kd7 33. Ke2 b4 34. Bxe6+
fxe6 35. Rd4 Rc6 36. Rg4 g6 37. Kd2 Kxd6 38. Kc2 Kd5 39. b3 e5 40. f3 cxb3+ 41.
Kxb3 Rc3+ 42. Kxb4 Rxf3 43. Rc4 e4 44. Rc7 Kd4 45. Rxh7 Rd3 46. Re7 Ke3 47. Re6
Kf3 48. Rxg6 e3 49. Rf6+ Kg2 50. Kc4 Rd8 51. Re6 Kf2 52. Kc3 e2 53. Rf6+ Ke1 54.
Kc2 Rc8+ 55. Kb2 Rc5 56. h4 Kd2 57. Rd6+ Ke3 58. Re6+ Kd3 59. h5 Rxh5 60. g4 Rh1
0-1

[Event "Druzynowe Mistrzostwa Polski Juniorow - Ekstraliga"]
[Site "Suchedniow"]
[Date "1899-12-30"]
[Round "4.18"]
[White "Harazinska, Magdalena"]
[Black "Czarniecka, Aleksandra"]
[Result "1-0"]
[WhiteTitle "I++"]
[BlackTitle "I"]
[WhiteElo "1811"]
[BlackElo "1631"]

1. d4 Nf6 2. c4 g6 3. Nc3 Bg7 4. e4 d6 5. f3 O-O 6. Be3 c5 7. Nge2 Nbd7 8. d5 Ne5
9. Ng3 a6 10. Qd2 Qa5 11. a3 Rb8 12. Be2 h5 13. O-O Qc7 14. h3 Ned7 15. Bh6 Nb6
16. Bxg7 Kxg7 17. f4 Rg8 18. Rae1 Nbd7 19. Qe3 h4 20. Nh1 Ne8 21. Nf2 e5 22. Ng4
f6 23. fxe5 Nxe5 24. Qh6+ Kf7 25. Nxe5+ dxe5 26. Qxh4 Qd6 27. Qh6 Ke7 28. Rf2
Bd7 29. Ref1 Kd8 30. Qh7 Rg7 31. Qh8 Rf7 32. Qh6 f5 33. exf5 gxf5 34. Qxd6 Nxd6
35. g4 Rg7 36. Rg2 Ke7 37. gxf5 Rxg2+ 38. Kxg2 Nxf5 39. Kf2 Nd4 40. Ne4 Nxe2 41.
Kxe2 Bxh3 42. Rg1 b5 43. Rg7+ Kf8 44. Rg3 Bc8 45. Rb3 Bg4+ 46. Kd2 Rd8 47. Rg3
Bc8 48. b3 bxc4 49. bxc4 Bb7 50. Nxc5 Bc8 51. Ke3 Ke7 52. Ke4 Kd6 53. Rg6+ Ke7
54. Kxe5 Kf7 55. Rf6+ Ke7 56. d6+ Ke8 57. Rh6 1-0

[Event "Druzynowe Mistrzostwa Polski Juniorow - Ekstraliga"]
[Site "Suchedniow"]
[Date "1899-12-30"]
[Round "4.19"]
[White "Kucza, Karol"]
[Black "Wisniewski, Michal"]
[Result "1-0"]
[WhiteTitle "FM"]
[BlackTitle "k+"]
[WhiteElo "2294"]
[BlackElo "2235"]

1. e4 c5 2. Nf3 d6 3. d4 cxd4 4. Nxd4 Nf6 5. Nc3 g6 6. Be3 Bg7 7. f3 Nc6 8. Qd2
O-O 9. Bc4 Bd7 10. O-O-O Rb8 11. Bb3 Na5 12. Bh6 Bxh6 13. Qxh6 b5 14. h4 e5 15.
Nde2 b4 16. Nd5 Nxb3+ 17. cxb3 Nxd5 18. Rxd5 Be6 19. Rd2 Rb6 20. Kb1 Ra6 21. h5
g5 22. g3 f6 23. Nc1 Qa5 24. Rd3 d5 25. Rhd1 d4 26. f4 Qd8 27. Rf1 f5 28. fxg5
Bc4 29. g6 Bxd3+ 30. Nxd3 hxg6 31. hxg6 Qe7 32. Nxe5 Qg7 33. Qxg7+ Kxg7 34. exf5
Ra5 35. Nf7 Rc5 36. g4 Rfc8 37. Ng5 Kf6 38. Ne4+ 1-0

[Event "Druzynowe Mistrzostwa Polski Juniorow - Ekstraliga"]
[Site "Suchedniow"]
[Date "1899-12-30"]
[Round "4.20"]
[White "Pultorak, Jan"]
[Black "Woloch, Oskar"]
[Result "1/2-1/2"]
[WhiteTitle "FM"]
[BlackTitle "k"]
[WhiteElo "2296"]
[BlackElo "2164"]

1. d4 Nf6 2. c4 c5 3. d5 b5 4. cxb5 a6 5. b6 e6 6. Nc3 Nxd5 7. Nxd5 exd5 8. Qxd5
Nc6 9. Nf3 Be7 10. Ne5 O-O 11. Nxc6 dxc6 12. Qxd8 Bxd8 13. e3 Bxb6 14. Bc4 Bd8
15. Bd2 Bf6 16. O-O-O Rb8 17. b3 Be6 18. Bxe6 fxe6 19. Kc2 c4 20. Rb1 cxb3+ 21.
Rxb3 Rb5 22. Rc1 a5 23. a4 Rxb3 24. Kxb3 Rb8+ 25. Kc4 Be7 26. Kd3 Bb4 27. Bxb4
Rxb4 28. Rxc6 Rxa4 29. Rxe6 Ra2 30. f4 Rxg2 31. h4 Rh2 32. Ra6 Rxh4 33. Rxa5 Rh1
34. Kd4 h5 35. Ke5 h4 36. f5 Rb1 37. Ra2 Rb3 38. Kf4 Kf7 39. Rh2 g6 40. fxg6+
Kxg6 41. Rxh4 Kf6 42. Rh6+ Ke7 43. e4 Rb5 44. Rg6 Ra5 45. Rb6 Rc5 46. e5 Rc1 47.
Rb7+ 1/2-1/2

[Event "Druzynowe Mistrzostwa Polski Juniorow - Ekstraliga"]
[Site "Suchedniow"]
[Date "1899-12-30"]
[Round "4.21"]
[White "Kalemba, Igor"]
[Black "Teclaf, Pawel"]
[Result "0-1"]
[WhiteTitle "III"]
[BlackTitle "CM"]
[WhiteElo "1041"]
[BlackElo "2191"]

1. e4 c5 2. Nf3 a6 3. d4 cxd4 4. Nxd4 Nf6 5. Nc3 d6 6. Be3 Ng4 7. Qd2 Nxe3 8. Qxe3
e6 9. Be2 Be7 10. O-O O-O 11. Rad1 Nc6 12. Nxc6 bxc6 13. Kh1 Rb8 14. Bc4 Qc7 15.
f4 d5 16. Bb3 Bf6 17. e5 Be7 18. a3 c5 19. Qh3 c4 20. Ba4 Rxb2 21. Rf3 f5 22.
Rg3 Bc5 23. Qh6 Rf7 24. Qh5 Bd7 25. Rf1 d4 26. Bxd7 Qxd7 27. Nd1 Rxc2 28. Rh3
g6 29. Qh6 Qb7 30. Nf2 Rxf2 0-1

[Event "Druzynowe Mistrzostwa Polski Juniorow - Ekstraliga"]
[Site "Suchedniow"]
[Date "1899-12-30"]
[Round "4.22"]
[White "Oglaza, Oskar"]
[Black "Gorkiewicz, Mateusz"]
[Result "1-0"]
[WhiteTitle "k"]
[BlackTitle "II"]
[WhiteElo "2107"]
[BlackElo "1562"]

1. e4 e5 2. Nf3 Nc6 3. d4 exd4 4. Nxd4 Bc5 5. Nb3 Bb6 6. Nc3 Nf6 7. Qe2 O-O 8.
Be3 d5 9. O-O-O d4 10. Bg5 h6 11. Bh4 Be6 12. Kb1 Re8 13. f3 Ne5 14. Na4 Bxb3
15. axb3 c5 16. Bf2 Qe7 17. b4 Red8 18. bxc5 Bxc5 19. Nxc5 Qxc5 20. c3 Qa5 21.
Bxd4 Ned7 22. Qb5 Qc7 23. g3 b6 24. Bg2 Re8 25. Rhe1 Rad8 26. Qf1 Nc5 27. e5 Nfd7
28. f4 a5 29. Qf3 a4 30. Qg4 Ne6 31. f5 Nxd4 32. cxd4 Qc4 33. f6 g6 34. Qf4 Kh7
35. Qc1 Qb4 36. Qc3 Qb5 37. Bf1 Qb3 38. Qxb3 axb3 39. Bc4 Rf8 40. Bxb3 Nb8 41.
d5 Rde8 42. Ba4 Rd8 43. e6 fxe6 44. dxe6 Rxd1+ 45. Rxd1 Rxf6 46. e7 1-0

[Event "Druzynowe Mistrzostwa Polski Juniorow - Ekstraliga"]
[Site "Suchedniow"]
[Date "1899-12-30"]
[Round "4.23"]
[White "Buchta, Agnieszka"]
[Black "Kopica, Paulina"]
[Result "0-1"]
[WhiteTitle "I++"]
[BlackTitle "I++"]
[WhiteElo "1653"]
[BlackElo "1899"]

1. e4 e6 2. d4 d5 3. e5 c5 4. c3 Qb6 5. Nf3 Nc6 6. a3 cxd4 7. cxd4 Nh6 8. b4 Nf5
9. Be3 f6 10. exf6 gxf6 11. Nc3 Nxe3 12. fxe3 Bh6 13. Qd2 Qd8 14. Rc1 Bd7 15.
Bd3 O-O 16. O-O Be8 17. Qf2 Qd7 18. Na4 Nxb4 19. Nc5 Nxd3 20. Nxd7 Nxf2 21. Nxf8
Bxe3 22. Rce1 Ng4+ 23. Kh1 Kxf8 24. h3 Bb5 25. hxg4 Bxf1 26. Rxe3 Ke7 27. Nd2
Bb5 28. Rh3 Rh8 29. Nb3 b6 30. Rc3 Kd6 31. Nc1 Rg8 32. Rg3 h5 33. Rf3 Rxg4 34.
Nb3 Ba4 35. Kh2 Bxb3 36. Rxb3 Rxd4 37. Rf3 Ke5 38. Rh3 h4 39. Rc3 Re4 40. Rc7
Ra4 41. Rc3 d4 42. Rd3 Kd5 43. Rf3 f5 44. Rh3 e5 45. Rxh4 Rxa3 0-1

[Event "Druzynowe Mistrzostwa Polski Juniorow - Ekstraliga"]
[Site "Suchedniow"]
[Date "1899-12-30"]
[Round "4.24"]
[White "Sowa, Wiktoria"]
[Black "Karlyk, Maria"]
[Result "1-0"]
[WhiteTitle "I"]
[BlackTitle "I"]
[WhiteElo "1539"]
[BlackElo "1600"]

1. e4 c5 2. Nc3 d6 3. g3 Nc6 4. Bg2 Nf6 5. d3 Nd4 6. Nge2 Bg4 7. h3 Bf3 8. O-O
Bxg2 9. Kxg2 h6 10. Be3 e5 11. f4 Qd7 12. Qd2 Be7 13. Nd1 Nxe2 14. Qxe2 exf4 15.
Bxf4 g5 16. Bd2 d5 17. e5 Qe6 18. Nc3 Nd7 19. Nb5 O-O-O 20. Rae1 a6 21. Na3 Rhf8
22. c3 f5 23. exf6 Qxe2+ 24. Rxe2 Bxf6 25. Rf5 Be5 26. Rfxe5 Nxe5 27. Rxe5 Rde8
28. Rxe8+ Rxe8 29. Kf3 Kd7 30. Nc2 b6 31. d4 Ke6 32. Be3 c4 33. Nb4 a5 34. Nc6
Kf6 35. Ne5 Re7 36. Kg4 Re6 37. Kh5 Kf5 38. h4 gxh4 39. Kxh4 Ke4 40. Bf4 Kf5 41.
Kh5 Rf6 42. Bxh6 Ke6 43. Bf4 Kf5 44. Bg5 Rf8 45. g4+ Ke6 46. Bh4 b5 47. g5 Kf5
48. Ng6 Re8 49. Bg3 Re3 50. Nh4+ Ke6 51. Bc7 a4 52. a3 Re2 53. Ba5 Rxb2 54. g6
Rb1 55. Kh6 Rg1 56. Kg7 Rf1 57. Kg8 Rf4 58. Bd8 b4 59. cxb4 c3 60. Bg5 Rg4 61.
Nf3 Rxg5 62. Nxg5+ Kf6 63. g7 c2 64. Nh7+ Kf5 65. Kh8 c1=Q 66. g8=Q Ke4 67. Nf6+
Qg1 1-0

[Event "Druzynowe Mistrzostwa Polski Juniorow - Ekstraliga"]
[Site "Suchedniow"]
[Date "1899-12-30"]
[Round "4.25"]
[White "Koziol, Kamil"]
[Black "Jarmula, Lukasz"]
[Result "0-1"]
[WhiteTitle "k"]
[BlackTitle "IM"]
[WhiteElo "2270"]
[BlackElo "2447"]

1. d4 Nf6 2. c4 c5 3. d5 e6 4. Nc3 exd5 5. cxd5 d6 6. g3 g6 7. Bg2 Bg7 8. Nf3 O-O
9. O-O Na6 10. Nd2 Nc7 11. a4 b6 12. Nc4 Ba6 13. Na3 Re8 14. Re1 Nd7 15. Bf4 Ne5
16. Qd2 Qd7 17. Rab1 Rab8 18. b4 cxb4 19. Rxb4 Bb7 20. Bh6 Bh8 21. Nab5 Nxb5 22.
Nxb5 a6 23. Na3 a5 24. Rh4 Ba6 25. Be3 f5 26. h3 Bf6 27. Bg5 Bxg5 28. Qxg5 Nd3
29. Rb1 Rxe2 30. Bf1 Ra2 31. Nb5 Bxb5 32. axb5 Nxf2 33. Bc4 Rc2 34. Bb3 Re2 35.
Bc4 Ne4 36. Qf4 g5 37. Qc1 Qg7 38. Bxe2 Qd4+ 39. Kh1 gxh4 40. Bf3 Nd2 41. Qc7
Re8 42. Bh5 Qe4+ 43. Kh2 hxg3+ 44. Kxg3 Qd3+ 45. Kh2 Re2+ 46. Bxe2 Qxe2+ 47. Kg3
f4+ 48. Kh4 Nf3+ 49. Kg4 Nd4+ 50. Kh4 Qf2+ 51. Kh5 Qf3+ 52. Kh4 Qg3+ 53. Kh5 Qg6+
54. Kh4 Nf3# 0-1

[Event "Druzynowe Mistrzostwa Polski Juniorow - Ekstraliga"]
[Site "Suchedniow"]
[Date "1899-12-30"]
[Round "4.26"]
[White "Gazik, Viktor"]
[Black "Zylka, Stanislaw"]
[Result "1-0"]
[WhiteTitle "FM"]
[BlackTitle "k"]
[WhiteElo "2436"]
[BlackElo "2239"]

1. d4 d5 2. Nf3 c6 3. e3 Nf6 4. Bd3 e6 5. Nbd2 Be7 6. b3 O-O 7. Bb2 b6 8. Ne5 Bb7
9. g4 Nfd7 10. Qf3 Nxe5 11. dxe5 f6 12. Qh3 g6 13. f4 Nd7 14. Qh6 Rf7 15. Nf3
fxe5 16. Nxe5 Nxe5 17. Bxe5 Bf6 18. O-O Qf8 19. Qxf8+ Raxf8 20. g5 Be7 21. h4
Bc5 22. Rf3 Rd7 23. Raf1 Bd6 24. Kh2 c5 25. R3f2 Bc6 26. Kg3 Bxe5 27. fxe5 Rf5
28. Bxf5 exf5 29. Kf4 Kf7 30. Rh2 d4 31. h5 Kg7 32. hxg6 hxg6 33. Rd1 Be4 34.
Rhd2 Rd8 35. exd4 Rh8 36. e6 Rh4+ 37. Ke5 Rg4 38. dxc5 Rxg5 39. Rd7+ Kh6 40. e7
1-0

[Event "Druzynowe Mistrzostwa Polski Juniorow - Ekstraliga"]
[Site "Suchedniow"]
[Date "1899-12-30"]
[Round "4.27"]
[White "Posluszny, Tomasz"]
[Black "Lis, Mateusz"]
[Result "1/2-1/2"]
[WhiteTitle "II"]
[BlackTitle "I"]
[WhiteElo "1555"]
[BlackElo "1994"]

1. d4 Nf6 2. c4 g6 3. Nc3 Bg7 4. e4 d6 5. f3 O-O 6. Be3 Nbd7 7. Qd2 a6 8. Nh3 c5
9. d5 Rb8 10. Nf2 Ne5 11. Be2 b5 12. cxb5 axb5 13. f4 Neg4 14. Bxg4 Nxg4 15. Nxg4
Bxg4 16. O-O b4 17. Nd1 Bd7 18. f5 c4 19. Rc1 Bb5 20. Rf3 Re8 21. h4 e6 22. dxe6
fxe6 23. Bg5 Qb6+ 24. Be3 Qd8 25. Bg5 Qb6+ 26. Be3 Qd8 27. Bg5 Qb6+ 1/2-1/2

[Event "Druzynowe Mistrzostwa Polski Juniorow - Ekstraliga"]
[Site "Suchedniow"]
[Date "1899-12-30"]
[Round "4.28"]
[White "Pelka, Michal"]
[Black "Oleksy, Krzysztof"]
[Result "1-0"]
[WhiteTitle "II"]
[BlackTitle "I"]
[WhiteElo "1618"]
[BlackElo "1569"]

1. e4 c6 2. d4 d5 3. Nc3 dxe4 4. Nxe4 Nf6 5. Nxf6+ exf6 6. Bc4 Bd6 7. Qf3 O-O 8.
Ne2 Qb6 9. O-O Re8 10. Bb3 Nd7 11. Be3 Qc7 12. Bf4 Nf8 13. c4 Bxf4 14. Nxf4 Bf5
15. Rfe1 Qa5 16. Re3 Rxe3 17. Qxe3 Ne6 18. Re1 h6 19. Rd1 Re8 20. h3 Nc7 21. Qg3
Re1+ 22. Rxe1 Qxe1+ 23. Kh2 Ne8 24. d5 cxd5 25. Nxd5 Kf8 26. Ba4 Qe5 27. f4 Qd6
28. Bxe8 Kxe8 29. Qxg7 Be6 30. Qxf6 Kd7 31. Qd4 Kc6 32. g4 b6 33. Kg3 Kb7 34.
Qe4 Kb8 35. Qe5 Qxe5 36. fxe5 b5 37. b3 bxc4 38. bxc4 Kb7 39. Kf4 Kc6 40. Ke4
Kc5 41. Ne3 a5 42. h4 a4 43. a3 Bd7 44. h5 Bc6+ 45. Kd3 Bf3 46. g5 hxg5 47. h6
Bh5 48. Kc3 Bg6 49. Ng4 Kc6 50. Nf6 Bf5 51. h7 Bxh7 52. Nxh7 g4 53. Ng5 g3 54.
Kd4 g2 55. Nf3 Kd7 56. Kd5 Kc7 57. Kc5 Kb7 58. Kd6 Kb6 59. c5+ Kb5 60. c6 Kc4
61. c7 Kb3 62. c8=Q Kxa3 63. Qc3+ Ka2 64. Kc5 1-0